各种知识 #35 General knowledge - Statistics

General Stats
  • This quiz has been taken 44 times
  • The average score is 7 of 20
Answer Stats
出题者 问题 答案 % Correct
TMDDS 《白鹿原》中,面对村民们给田小娥建庙的请求,白嘉轩予以拒绝,认为这相当于“把那婊子的骑马布挂到我的门楼上”,这句话中说的“骑马布”,其作用相当于现代女性使用的______ 卫生巾
79%
TMDDS 主要原料为中草药的广东特色饮料,多数具有苦味 凉茶
72%
pcktrsss 吉他等乐器中,在琴颈的指板上,通过凸起的金属棱将弦分为一格格。这些分段的格子称为
44%
pcktrsss 传统建筑中屋顶筒瓦前端的遮挡,一个陶制的可以刻画的小圆片,叫做 瓦当
44%
pcktrsss 在机场飞行区等级中,北京大兴、上海浦东、成都天府这些最高等级的机场都是__级 4F
44%
TMDDS 《开心的马骝》是由刘德华演唱的一首歌曲,标题中的“马骝”其实是粤语中对____的称呼 猴子
41%
CNY 贡菜(苔干)是苏北皖北地区的一种著名食材,它的制作原料是哪种蔬菜 莴笋
41%
pcktrsss "微山湖上静悄悄"《弹起我心爱的土琵琶》是作为哪部电影的插曲发行的 铁道游击队
36%
pcktrsss 刑法236条中,关于强奸罪的加重情节的具体情节描述中,除了奸淫幼女、强奸多名女性、公开场合强奸、强奸致重伤或死亡外,还有 轮奸
36%
pcktrsss 为了满足一些人的特殊需求,在国外的肛门美白流程中,除了涂抹乳膏,最流行的还可以使用__治疗 激光
36%
pcktrsss 1984年,发布了跨时代的拥有图形界面操作系统的一体机电脑麦金塔的公司是 苹果
36%
pcktrsss "香港的女儿"梅艳芳在身患宫颈癌晚期的告别演唱会上,最后一首歌(不算返场)演唱了《千千阙歌》的另一个填词版本,这首歌名叫做 夕阳之歌
31%
CNY 2022年的网络流行歌曲《州州》(表姑在温州搞批发)的歌词中,“发小”“捣腾茶”的地方是哪个“州” 福州
28%
pcktrsss 上题领域的两大巨头XXX和XXX,进行官司纠纷的主要目标除了名字,还意在争夺的是 红罐包装
28%
suido 萨菲尔-辛普森飓风风力等级根据飓风的强度,将它们分为的级数是 5级
26%
pcktrsss 在S9赛季中,作为FPX的中单击败G2得到总冠军的韩国籍选手是 Doinb
26%
TMDDS 一种安装在井上的汲水工具,上面绕有井绳,可以通过旋转将系在井绳上的桶升起,以实现取水 辘轳
21%
pcktrsss ilem作词曲,洛天依原唱,因被周深、薛之谦等三次元歌手翻唱而走红的歌曲《达拉崩吧》中,主角勇者的名字叫做(打不出字你就打拼音吧) 达拉崩吧斑得贝迪卜多比鲁翁
15%
CNY 朝鲜半岛历史上,多次成为朝鲜地区王室的避居地或流放地,并曾有正式定都和确立陪都历史的岛屿是 江华岛
13%
pcktrsss 彝语中的"阿杰路ꀋꏦꇊ"因为一首知名民谣而经常出现在彝族歌手的舞台上。它的含义是 不要怕
13%
No matching quizzes found
Score Distribution
Percent of People with Each Score
Percentile by Number Answered
Your Score History
You have not taken this quiz